Cyber attacks and international law on the use of force : (Record no. 525369)

000 -LEADER
fixed length control field 01744cam a2200373 i 4500
001 - CONTROL NUMBER
control field 20650509
003 - CONTROL NUMBER IDENTIFIER
control field NUST
005 - DATE AND TIME OF LATEST TRANSACTION
control field 20190702042513.0
008 - FIXED-LENGTH DATA ELEMENTS--GENERAL INFORMATION
fixed length control field 180829s2019 enk b 001 0 eng
010 ## - LIBRARY OF CONGRESS CONTROL NUMBER
LC control number 2018041741
020 ## - INTERNATIONAL STANDARD BOOK NUMBER
International Standard Book Number 9781138482708 (hardback)
020 ## - INTERNATIONAL STANDARD BOOK NUMBER
Canceled/invalid ISBN 9781351057028 (e-book)
038 ## - RECORD CONTENT LICENSOR
Staff Name Muhammad Ibrahim
040 ## - CATALOGING SOURCE
Original cataloging agency DLC
Language of cataloging eng
Transcribing agency DLC
Description conventions rda
Modifying agency DLC
042 ## - AUTHENTICATION CODE
Authentication code pcc
050 00 - LIBRARY OF CONGRESS CALL NUMBER
Classification number KZ6718
Item number .H33 2019
082 00 - DEWEY DECIMAL CLASSIFICATION NUMBER
Classification number 341.63
Edition number 23
Author Mark HAA 2019
100 1# - MAIN ENTRY--PERSONAL NAME
Personal name Haataja, Samuli,
Relator term author.
9 (RLIN) 16219
245 10 - TITLE STATEMENT
Title Cyber attacks and international law on the use of force :
Remainder of title the turn to information ethics /
Statement of responsibility, etc. Samuli Haataja.
264 #1 - PRODUCTION, PUBLICATION, DISTRIBUTION, MANUFACTURE, AND COPYRIGHT NOTICE
Place of production, publication, distribution, manufacture Abingdon, Oxon ;
-- New York, NY :
Name of producer, publisher, distributor, manufacturer Routledge,
Date of production, publication, distribution, manufacture, or copyright notice 2019.
300 ## - PHYSICAL DESCRIPTION
Extent xii, 218 pages ;
Dimensions 25 cm.
336 ## - CONTENT TYPE
Content type term text
Content type code txt
Source rdacontent
337 ## - MEDIA TYPE
Media type term unmediated
Media type code n
Source rdamedia
338 ## - CARRIER TYPE
Carrier type term volume
Carrier type code nc
Source rdacarrier
490 0# - SERIES STATEMENT
Series statement Emerging technologies, ethics and international affairs
500 ## - GENERAL NOTE
General note Based on author's thesis (doctoral - Griffith University, Brisbane, Australia, 2017).
504 ## - BIBLIOGRAPHY, ETC. NOTE
Bibliography, etc. note Includes bibliographical references and index.
505 0# - FORMATTED CONTENTS NOTE
Formatted contents note Introduction -- Information ethics -- Technology, violence and law -- Cyber attacks and international law on the use of force and non-intervention -- The 2007 cyber attacks against Estonia -- Stuxnet -- Russian interference in the 2016 us presidential election -- Information ethics and international law on the use of force -- Conclusion.
650 #0 - SUBJECT ADDED ENTRY--TOPICAL TERM
Topical term or geographic name entry element Information warfare (International law)
9 (RLIN) 16220
650 #0 - SUBJECT ADDED ENTRY--TOPICAL TERM
Topical term or geographic name entry element Cyberspace operations (Military science)
9 (RLIN) 16221
906 ## - LOCAL DATA ELEMENT F, LDF (RLIN)
a 7
b cbc
c orignew
d 1
e ecip
f 20
g y-gencatlg
942 ## - ADDED ENTRY ELEMENTS (KOHA)
Source of classification or shelving scheme
Koha item type Book
Holdings
Withdrawn status Lost status Source of classification or shelving scheme Damaged status Not for loan Permanent Location Current Location Shelving location Date acquired Total Checkouts Full call number Barcode Date last seen Price effective from Koha item type
          Centre for International Peace & Stability (CIPS) Centre for International Peace & Stability (CIPS) General Stacks 06/26/2019   341.63 HAA 2019 CIPS0002903 07/02/2019 07/02/2019 Book
© 2023 Central Library, National University of Sciences and Technology. All Rights Reserved.